Electronic Banking Monopoly Board (USA) - Statistics

General Stats
  • This quiz has been taken 5 times
    4 since last reset
  • The average score is 21 of 40
Answer Stats
Color Location % Correct
Chance
100%
Chance
100%
Chance
100%
Go
100%
Go To Jail
100%
In Jail
100%
Community Chest
75%
Community Chest
75%
Community Chest
75%
Free Parking
75%
Income Tax
75%
Red Camelback Mountain
50%
Pink Centennial Olympic Park
50%
Red Disney World
50%
Dark Blue Fenway Park
50%
Yellow French Quarter
50%
Light Blue Grand Ole Opry
50%
Yellow Hollywood
50%
JFK
50%
Green Las Vegas
50%
LAX
50%
Pink Liberty Bell
50%
Light Blue Mall of America
50%
ORD
50%
Pink Red Rocks Amphitheatre
50%
Orange South Beach
50%
Purple/Violet Texas Stadium
50%
Dark Blue Times Square
50%
Green White House
50%
Green Wrigley Field
50%
ATL
25%
Light Blue Gateway Arch
25%
Yellow Golden Gate Bridge
25%
Internet Service
25%
Purple/Violet Jacobs Field
25%
Orange Pioneer Square
25%
Red Wakiki Beach
25%
Cell Phone Service
0%
Interest On Credid Card Debt
0%
Orange Johnson Space Center
0%
No matching quizzes found
Score Distribution
Percent of People with Each Score
Percentile by Number Answered
Your Score History
You have not taken this quiz since the last reset